[Event "DEM U10 2021"]
[Site "Willingen GER"]
[Date "2021.08.26"]
[Round "6"]
[White "Dodul, Arthur"]
[Black "Ley, Cornelius"]
[Result "0-1"]
[Termination "normal"]
[Board "14"]
[WhiteElo "1285"]
[BlackElo "1447"]
[WhiteClock "00:35:52"]
[BlackClock "00:16:56"]
[PlyCount "84"]
[WhiteFideId "34609016"]
[BlackFideId "34608907"]
[EventCountry "GER"]
[EventRounds "11"]
[EventType "swiss"]
[EventDate "2021.08.22"]

1. e4 {[%clk 01:15:55]} {[%emt 00:00:05]} e5 {[%clk 01:15:54]} {[%emt
00:00:06]} 2. Nf3 {[%clk 01:16:16]} {[%emt 00:00:08]} Nc6 {[%clk 01:16:19]}
{[%emt 00:00:05]} 3. d4 {[%clk 01:16:35]} {[%emt 00:00:11]} exd4 {[%clk
01:16:40]} {[%emt 00:00:09]} 4. Bc4 {[%clk 01:16:59]} {[%emt 00:00:07]} Nf6
{[%clk 01:11:03]} {[%emt 00:06:06]} 5. e5 {[%clk 01:16:57]} {[%emt 00:00:34]}
d5 {[%clk 01:11:13]} {[%emt 00:00:18]} 6. Bb5 {[%clk 01:16:54]} {[%emt
00:00:32]} Ne4 {[%clk 01:02:04]} {[%emt 00:09:40]} 7. Nxd4 {[%clk 01:16:43]}
{[%emt 00:00:42]} Bd7 {[%clk 00:59:21]} {[%emt 00:03:12]} 8. Bxc6 {[%clk
01:16:25]} {[%emt 00:00:48]} Bxc6 {[%clk 00:59:04]} {[%emt 00:00:47]} 9. Nxc6
{[%clk 01:15:00]} {[%emt 00:01:55]} bxc6 {[%emt 00:01:48]} 10. Be3 {[%clk
01:13:46]} Qe7 {[%clk 00:55:22]} {[%emt 00:04:37]} 11. f3 {[%clk 01:12:41]}
{[%emt 00:01:34]} Qh4+ {[%clk 00:51:13]} {[%emt 00:04:40]} 12. g3 {[%clk
01:10:55]} {[%emt 00:02:17]} Nxg3 {[%clk 00:51:33]} {[%emt 00:00:08]} 13. Bf2
{[%clk 01:11:05]} {[%emt 00:00:19]} Qb4+ {[%clk 00:51:53]} {[%emt 00:00:10]}
14. c3 {[%clk 01:07:15]} {[%emt 00:04:22]} Qxb2 {[%clk 00:52:14]} {[%emt
00:00:08]} 15. hxg3 {[%clk 01:05:24]} {[%emt 00:02:23]} Qxa1 {[%clk 00:52:16]}
{[%emt 00:00:25]} 16. O-O {[%clk 01:05:00]} {[%emt 00:00:55]} Qxa2 {[%clk
00:51:42]} {[%emt 00:01:06]} 17. e6 {[%clk 01:02:26]} {[%emt 00:03:04]} fxe6
{[%clk 00:50:15]} {[%emt 00:01:56]} 18. Re1 {[%clk 01:02:37]} {[%emt 00:00:16]}
d4 {[%clk 00:48:44]} {[%emt 00:02:04]} 19. Qxd4 {[%clk 01:01:45]} {[%emt
00:01:21]} Rb8 {[%clk 00:46:22]} {[%emt 00:02:54]} 20. Qe4 {[%clk 01:00:29]}
{[%emt 00:01:42]} Qd5 {[%clk 00:43:51]} {[%emt 00:03:03]} 21. Qg4 {[%clk
00:59:24]} {[%emt 00:01:30]} Kd8 {[%clk 00:31:01]} {[%emt 00:13:24]} 22. c4
{[%clk 00:57:48]} {[%emt 00:02:05]} Qf5 {[%clk 00:28:22]} {[%emt 00:03:11]} 23.
Qd4+ {[%clk 00:56:03]} {[%emt 00:02:15]} Ke7 {[%clk 00:25:31]} {[%emt
00:03:20]} 24. Nd2 {[%clk 00:55:17]} {[%emt 00:01:12]} Rd8 {[%clk 00:24:23]}
{[%emt 00:01:42]} 25. Qe3 {[%clk 00:53:29]} {[%emt 00:02:15]} Rd3 {[%clk
00:23:48]} {[%emt 00:01:09]} 26. Qe2 {[%clk 00:52:41]} {[%emt 00:01:14]} Kf7
{[%clk 00:22:02]} {[%emt 00:02:19]} 27. g4 {[%clk 00:51:55]} {[%emt 00:01:15]}
Qg6 {[%clk 00:21:32]} {[%emt 00:01:01]} 28. Ne4 {[%clk 00:51:06]} {[%emt
00:01:18]} Rd8 {[%clk 00:20:01]} {[%emt 00:02:02]} 29. Bh4 {[%clk 00:50:14]}
{[%emt 00:01:17]} Re8 {[%clk 00:19:27]} {[%emt 00:01:10]} 30. Ra1 {[%clk
00:49:28]} {[%emt 00:01:13]} Be7 {[%clk 00:19:23]} {[%emt 00:00:36]} 31. Bxe7
{[%clk 00:48:44]} {[%emt 00:01:14]} Rxe7 {[%clk 00:19:47]} {[%emt 00:00:06]}
32. Ra5 {[%clk 00:48:52]} {[%emt 00:00:20]} e5 {[%clk 00:19:39]} {[%emt
00:00:39]} 33. Qa2 {[%clk 00:46:19]} {[%emt 00:03:03]} Kf8 {[%clk 00:19:23]}
{[%emt 00:00:47]} 34. Rxa7 {[%clk 00:44:58]} {[%emt 00:01:51]} h5 {[%clk
00:19:30]} {[%emt 00:00:49]} 35. c5 {[%clk 00:41:22]} {[%emt 00:04:07]} hxg4
{[%clk 00:18:53]} {[%emt 00:01:06]} 36. Ra8+ {[%clk 00:40:01]} {[%emt
00:01:52]} Re8 {[%clk 00:18:42]} {[%emt 00:00:40]} 37. Rxe8+ {[%clk 00:38:35]}
{[%emt 00:01:57]} Qxe8 {[%clk 00:18:59]} {[%emt 00:00:12]} 38. Ng5 {[%clk
00:38:27]} {[%emt 00:00:36]} Qh5 {[%clk 00:16:12]} {[%emt 00:03:19]} 39. Ne6+
{[%clk 00:36:10]} {[%emt 00:02:46]} Ke7 {[%clk 00:16:32]} {[%emt 00:00:11]} 40.
Qc4 {[%clk 00:35:53]} {[%emt 00:00:47]} Qh1+ {[%clk 00:16:40]} {[%emt
00:00:21]} 41. Kf2 {[%clk 00:36:14]} {[%emt 00:00:08]} Rh2+ {[%clk 00:16:56]}
{[%emt 00:00:15]} 42. Ke3 {[%clk 00:35:52]} {[%emt 00:00:52]} Qxf3# {[%emt
00:00:52]} 0-1

[Event "DEM U10 2021"]
[Site "Willingen GER"]
[Date "2021.08.26"]
[Round "6"]
[White "Rodriguez Klasen, Ennio"]
[Black "Deiringer, Julius"]
[Result "1-0"]
[Termination "normal"]
[Board "15"]
[WhiteElo "1341"]
[BlackElo "1274"]
[WhiteClock "00:46:17"]
[BlackClock "00:29:58"]
[PlyCount "37"]
[WhiteFideId "16277414"]
[BlackFideId "16267010"]
[EventCountry "GER"]
[EventRounds "11"]
[EventType "swiss"]
[EventDate "2021.08.22"]

1. e4 {[%clk 01:15:58]} {[%emt 00:00:01]} e5 {[%clk 01:15:55]} {[%emt
00:00:06]} 2. Nf3 {[%clk 01:16:19]} {[%emt 00:00:09]} Nc6 {[%clk 01:16:20]}
{[%emt 00:00:05]} 3. Bc4 {[%clk 01:16:29]} {[%emt 00:00:20]} Bc5 {[%clk
01:16:43]} {[%emt 00:00:06]} 4. b4 {[%clk 01:16:37]} {[%emt 00:00:23]} Bxb4
{[%clk 01:14:12]} {[%emt 00:03:00]} 5. c3 {[%clk 01:16:57]} {[%emt 00:00:12]}
Bc5 {[%clk 01:07:49]} {[%emt 00:06:51]} 6. d4 {[%clk 01:16:56]} {[%emt
00:00:30]} exd4 {[%clk 01:07:31]} {[%emt 00:00:49]} 7. O-O {[%clk 01:16:54]}
{[%emt 00:00:33]} d6 {[%clk 01:04:15]} {[%emt 00:03:45]} 8. cxd4 {[%clk
01:16:59]} {[%emt 00:00:25]} Bb4 {[%clk 01:04:12]} {[%emt 00:00:33]} 9. d5
{[%clk 01:14:44]} {[%emt 00:02:46]} Ne5 {[%clk 01:01:54]} {[%emt 00:02:48]} 10.
Nxe5 {[%clk 01:14:19]} {[%emt 00:00:55]} dxe5 {[%clk 01:02:14]} {[%emt
00:00:09]} 11. Qa4+ {[%clk 01:14:32]} {[%emt 00:00:17]} Bd7 {[%clk 00:59:32]}
{[%emt 00:03:12]} 12. Qxb4 {[%clk 01:14:02]} {[%emt 00:01:00]} b6 {[%clk
00:57:48]} {[%emt 00:02:14]} 13. Bb2 {[%clk 01:11:25]} {[%emt 00:03:06]} Qg5
{[%clk 00:56:24]} {[%emt 00:01:55]} 14. Qd2 {[%clk 01:10:34]} {[%emt 00:01:21]}
Qe7 {[%clk 00:53:50]} {[%emt 00:03:04]} 15. Ba3 {[%clk 00:57:40]} {[%emt
00:13:25]} Qf6 {[%clk 00:48:41]} {[%emt 00:05:38]} 16. f4 {[%clk 00:55:18]}
{[%emt 00:02:52]} exf4 {[%clk 00:42:53]} {[%emt 00:06:17]} 17. e5 {[%clk
00:48:38]} {[%emt 00:07:10]} Qg5 {[%clk 00:31:26]} {[%emt 00:11:56]} 18. Qxf4
{[%clk 00:47:40]} {[%emt 00:01:29]} Qg6 {[%clk 00:29:58]} {[%emt 00:01:58]} 19.
e6 {[%clk 00:46:17]} {[%emt 00:01:54]} 1-0

[Event "DEM U10 2021"]
[Site "Willingen GER"]
[Date "2021.08.26"]
[Round "6"]
[White "Pflugbeil, Julian"]
[Black "Zimmer, Tim"]
[Result "1-0"]
[Termination "normal"]
[Board "16"]
[WhiteElo "1368"]
[BlackElo "1013"]
[WhiteClock "01:18:37"]
[BlackClock "00:00:32"]
[PlyCount "77"]
[WhiteFideId "34608850"]
[BlackFideId "34603115"]
[EventCountry "GER"]
[EventRounds "11"]
[EventType "swiss"]
[EventDate "2021.08.22"]

1. e4 {[%clk 01:15:58]} {[%emt 00:00:01]} e5 {[%clk 01:15:50]} {[%emt
00:00:11]} 2. Nf3 {[%clk 01:16:23]} {[%emt 00:00:06]} Nc6 {[%clk 01:16:06]}
{[%emt 00:00:13]} 3. d4 {[%clk 01:16:45]} {[%emt 00:00:08]} exd4 {[%clk
01:09:56]} {[%emt 00:06:40]} 4. Bc4 {[%clk 01:16:30]} {[%emt 00:00:37]} Bc5
{[%clk 01:09:15]} {[%emt 00:01:18]} 5. c3 {[%clk 01:16:06]} {[%emt 00:00:55]}
dxc3 {[%clk 01:07:57]} {[%emt 00:01:48]} 6. Bxf7+ {[%clk 01:16:31]} {[%emt
00:00:06]} Kxf7 {[%clk 01:01:56]} {[%emt 00:06:29]} 7. Qd5+ {[%clk 01:16:51]}
{[%emt 00:00:10]} Ke8 {[%clk 00:52:25]} {[%emt 00:10:00]} 8. Qh5+ {[%clk
01:17:07]} {[%emt 00:00:16]} g6 {[%clk 00:50:13]} {[%emt 00:02:41]} 9. Qxc5
{[%clk 01:17:32]} {[%emt 00:00:06]} d6 {[%clk 00:49:28]} {[%emt 00:01:16]} 10.
Qxc3 {[%clk 01:17:45]} {[%emt 00:00:16]} Qf6 {[%clk 00:45:01]} {[%emt
00:04:57]} 11. Bg5 {[%clk 01:17:49]} {[%emt 00:00:26]} Qxc3+ {[%clk 00:43:27]}
{[%emt 00:02:04]} 12. Nxc3 {[%clk 01:18:13]} {[%emt 00:00:06]} Bg4 {[%clk
00:43:04]} {[%emt 00:00:52]} 13. Nd5 {[%clk 01:18:32]} {[%emt 00:00:11]} Bxf3
{[%clk 00:35:59]} {[%emt 00:07:35]} 14. gxf3 {[%clk 01:18:19]} {[%emt
00:00:37]} Kd7 {[%clk 00:23:11]} {[%emt 00:13:24]} 15. Rc1 {[%clk 01:17:38]}
{[%emt 00:01:08]} h6 {[%clk 00:21:52]} {[%emt 00:01:53]} 16. Be3 {[%clk
01:17:11]} {[%emt 00:00:51]} Rc8 {[%clk 00:20:17]} {[%emt 00:02:12]} 17. Rg1
{[%clk 01:16:56]} {[%emt 00:00:44]} Ne5 {[%clk 00:18:51]} {[%emt 00:01:57]} 18.
Ke2 {[%clk 01:15:19]} {[%emt 00:02:07]} c6 {[%clk 00:12:06]} {[%emt 00:07:15]}
19. Nc3 {[%clk 01:13:54]} {[%emt 00:01:54]} g5 {[%clk 00:05:33]} {[%emt
00:07:04]} 20. Bxa7 {[%clk 01:13:58]} {[%emt 00:00:26]} Rf8 {[%clk 00:05:14]}
{[%emt 00:00:47]} 21. Bd4 {[%clk 01:14:13]} {[%emt 00:00:16]} Nf6 {[%clk
00:02:35]} {[%emt 00:03:09]} 22. Bxe5 {[%clk 01:14:08]} {[%emt 00:00:36]} dxe5
{[%clk 00:02:54]} {[%emt 00:00:10]} 23. Rgd1+ {[%clk 01:14:35]} {[%emt
00:00:04]} Ke6 {[%clk 00:03:03]} {[%emt 00:00:20]} 24. b4 {[%clk 01:14:48]}
{[%emt 00:00:19]} Nh5 {[%clk 00:02:20]} {[%emt 00:01:12]} 25. b5 {[%clk
01:14:35]} {[%emt 00:00:42]} Nf4+ {[%clk 00:01:45]} {[%emt 00:01:05]} 26. Kf1
{[%clk 01:14:54]} {[%emt 00:00:10]} Rd8 {[%clk 00:01:43]} {[%emt 00:00:34]} 27.
bxc6 {[%clk 01:15:02]} {[%emt 00:00:22]} bxc6 {[%clk 00:02:02]} {[%emt
00:00:11]} 28. Ne2 {[%clk 01:15:08]} {[%emt 00:00:24]} Rd6 {[%clk 00:01:52]}
{[%emt 00:00:40]} 29. Nxf4+ {[%clk 01:15:28]} {[%emt 00:00:10]} gxf4 {[%clk
00:01:05]} {[%emt 00:01:17]} 30. Rxd6+ {[%clk 01:15:28]} {[%emt 00:00:29]} Kxd6
{[%clk 00:01:30]} {[%emt 00:00:05]} 31. a4 {[%clk 01:15:45]} {[%emt 00:00:13]}
Ra8 {[%clk 00:01:21]} {[%emt 00:00:40]} 32. Ra1 {[%emt 00:00:21]} c5 {[%clk
00:01:33]} {[%emt 00:00:17]} 33. Ke2 {[%clk 01:16:21]} {[%emt 00:00:04]} c4
{[%clk 00:01:22]} {[%emt 00:00:41]} 34. Kd2 {[%emt 00:00:07]} Kc5 {[%clk
00:01:20]} {[%emt 00:00:30]} 35. a5 {[%emt 00:00:19]} Kb5 {[%clk 00:00:42]}
{[%emt 00:01:01]} 36. Kc3 {[%clk 01:17:30]} {[%emt 00:00:04]} Kc5 {[%clk
00:01:05]} {[%emt 00:00:07]} 37. Rd1 {[%clk 01:17:49]} {[%emt 00:00:11]} Rb8
{[%clk 00:00:32]} {[%emt 00:01:03]} 38. Rd5+ {[%clk 01:18:13]} {[%emt
00:00:06]} Kc6 {[%emt 00:00:30]} 39. Kxc4 {[%clk 01:18:37]} {[%emt 00:00:05]}
1-0

[Event "DEM U10 2021"]
[Site "Willingen GER"]
[Date "2021.08.26"]
[Round "6"]
[White "Senel, Serdar"]
[Black "Allen, Phillipp"]
[Result "0-1"]
[Termination "normal"]
[Board "17"]
[WhiteElo "1179"]
[BlackElo "1510"]
[WhiteClock "01:00:21"]
[BlackClock "01:01:05"]
[PlyCount "114"]
[WhiteFideId "34608796"]
[BlackFideId "16272846"]
[EventCountry "GER"]
[EventRounds "11"]
[EventType "swiss"]
[EventDate "2021.08.22"]

1. e4 {[%clk 01:15:56]} {[%emt 00:00:02]} c6 {[%clk 01:15:53]} {[%emt
00:00:10]} 2. Nc3 {[%clk 01:15:54]} {[%emt 00:00:30]} d5 {[%clk 01:16:15]}
{[%emt 00:00:09]} 3. exd5 {[%clk 01:15:32]} {[%emt 00:00:51]} cxd5 {[%clk
01:13:48]} {[%emt 00:02:57]} 4. d4 {[%clk 01:15:38]} {[%emt 00:00:24]} Nc6
{[%clk 01:13:43]} {[%emt 00:00:35]} 5. Nf3 {[%clk 01:14:33]} {[%emt 00:01:35]}
Nf6 {[%clk 01:13:51]} {[%emt 00:00:22]} 6. Bb5 {[%clk 01:14:36]} {[%emt
00:00:26]} Bg4 {[%clk 01:14:14]} {[%emt 00:00:08]} 7. h3 {[%clk 01:14:23]}
{[%emt 00:00:43]} Bh5 {[%clk 01:14:09]} {[%emt 00:00:35]} 8. Qd3 {[%clk
01:14:04]} {[%emt 00:00:49]} e6 {[%clk 01:13:26]} {[%emt 00:01:14]} 9. Ne5
{[%clk 01:13:25]} {[%emt 00:01:06]} Qc7 {[%clk 01:13:28]} {[%emt 00:00:30]} 10.
Ba4 {[%clk 01:12:35]} {[%emt 00:01:18]} a6 {[%clk 01:11:42]} {[%emt 00:02:18]}
11. Qg3 {[%clk 01:12:01]} {[%emt 00:01:03]} b5 {[%clk 01:09:49]} {[%emt
00:02:25]} 12. Nxb5 {[%clk 01:10:20]} {[%emt 00:02:09]} axb5 {[%clk 01:09:48]}
{[%emt 00:00:32]} 13. Bxb5 {[%clk 01:09:48]} {[%emt 00:01:01]} Qa5+ {[%clk
01:10:07]} {[%emt 00:00:12]} 14. Qc3 {[%clk 01:09:24]} {[%emt 00:00:53]} Bb4
{[%clk 01:10:01]} {[%emt 00:00:37]} 15. Bxc6+ {[%clk 01:08:55]} {[%emt
00:00:58]} Ke7 {[%clk 01:09:33]} {[%emt 00:00:59]} 16. Bd2 {[%clk 01:08:41]}
{[%emt 00:00:44]} Bxc3 {[%clk 01:09:09]} {[%emt 00:00:54]} 17. Bxc3 {[%clk
01:08:43]} {[%emt 00:00:27]} Qb6 {[%clk 01:09:06]} {[%emt 00:00:35]} 18. O-O
{[%clk 01:08:27]} {[%emt 00:00:46]} Rac8 {[%clk 01:09:15]} {[%emt 00:00:19]}
19. Ba4 {[%clk 01:07:57]} {[%emt 00:01:00]} Ne4 {[%clk 01:08:40]} {[%emt
00:01:06]} 20. Rab1 {[%clk 01:06:40]} {[%emt 00:01:48]} f6 {[%clk 01:07:14]}
{[%emt 00:01:56]} 21. Nd7 {[%clk 01:05:47]} {[%emt 00:01:22]} Qa7 {[%clk
01:05:55]} {[%emt 00:01:49]} 22. Bb4+ {[%clk 01:05:12]} {[%emt 00:01:06]} Kf7
{[%clk 01:05:13]} {[%emt 00:01:11]} 23. b3 {[%clk 01:04:10]} {[%emt 00:01:33]}
Qxd4 {[%clk 01:03:25]} {[%emt 00:02:17]} 24. a3 {[%clk 01:04:05]} {[%emt
00:00:35]} Nc3 {[%clk 01:01:44]} {[%emt 00:02:11]} 25. Rbc1 {[%clk 01:03:42]}
{[%emt 00:00:53]} Nxa4 {[%clk 01:01:57]} {[%emt 00:00:18]} 26. bxa4 {[%clk
01:03:57]} {[%emt 00:00:14]} Qa7 {[%clk 01:01:53]} {[%emt 00:00:34]} 27. g4
{[%clk 01:03:45]} {[%emt 00:00:42]} Bg6 {[%clk 01:02:02]} {[%emt 00:00:21]} 28.
c4 {[%clk 01:02:31]} {[%emt 00:01:44]} Qxd7 {[%clk 00:58:09]} {[%emt 00:04:23]}
29. c5 {[%clk 01:02:35]} {[%emt 00:00:27]} Qxa4 {[%clk 00:58:28]} {[%emt
00:00:11]} 30. Rc3 {[%clk 01:02:41]} {[%emt 00:00:24]} Rb8 {[%clk 00:58:08]}
{[%emt 00:00:49]} 31. c6 {[%clk 01:02:30]} {[%emt 00:00:41]} Rxb4 {[%clk
00:58:14]} {[%emt 00:00:25]} 32. axb4 {[%clk 01:01:02]} {[%emt 00:01:57]} Qxb4
{[%clk 00:58:36]} {[%emt 00:00:09]} 33. Rfc1 {[%clk 01:01:19]} {[%emt
00:00:13]} Rc8 {[%clk 00:58:28]} {[%emt 00:00:37]} 34. Re3 {[%clk 01:00:06]}
{[%emt 00:01:43]} Qb6 {[%clk 00:58:06]} {[%emt 00:00:52]} 35. Ra3 {[%clk
00:59:49]} {[%emt 00:00:47]} Rxc6 {[%clk 00:58:22]} {[%emt 00:00:14]} 36. Rca1
{[%clk 00:59:38]} {[%emt 00:00:41]} Rc7 {[%clk 00:57:02]} {[%emt 00:01:50]} 37.
Ra8 {[%emt 00:00:28]} Qc6 {[%emt 00:00:48]} 38. Rh8 {[%clk 00:57:48]} {[%emt
00:01:04]} Rc8 {[%clk 00:57:23]} {[%emt 00:00:09]} 39. Ra7+ {[%clk 00:57:57]}
{[%emt 00:00:22]} Qc7 {[%clk 00:57:06]} {[%emt 00:00:47]} 40. Rxc7+ {[%emt
00:00:14]} Rxc7 {[%emt 00:00:12]} 41. f4 {[%clk 00:57:48]} {[%emt 00:00:12]} d4
{[%clk 00:57:05]} {[%emt 00:00:31]} 42. Rd8 {[%clk 00:57:47]} {[%emt 00:00:22]}
d3 {[%clk 00:57:29]} {[%emt 00:00:15]} 43. Kf2 {[%clk 00:58:04]} {[%emt
00:00:14]} Ke7 {[%clk 00:57:06]} {[%emt 00:00:52]} 44. Rd4 {[%clk 00:58:11]}
{[%emt 00:00:17]} Rd7 {[%clk 00:57:31]} {[%emt 00:00:11]} 45. Rxd7+ {[%clk
00:58:04]} {[%emt 00:00:38]} Kxd7 {[%clk 00:57:49]} {[%emt 00:00:12]} 46. h4
{[%clk 00:58:21]} {[%emt 00:00:12]} h6 {[%clk 00:58:03]} {[%emt 00:00:16]} 47.
h5 {[%clk 00:58:28]} {[%emt 00:00:22]} Bh7 {[%clk 00:58:28]} {[%emt 00:00:07]}
48. g5 {[%clk 00:58:51]} {[%emt 00:00:06]} fxg5 {[%clk 00:58:52]} {[%emt
00:00:07]} 49. fxg5 {[%emt 00:00:08]} hxg5 {[%emt 00:00:06]} 50. Ke1 {[%emt
00:00:06]} g4 {[%emt 00:00:09]} 51. h6 {[%clk 00:58:39]} {[%emt 00:00:13]} gxh6
{[%clk 00:59:15]} {[%emt 00:00:06]} 52. Kf2 {[%clk 00:59:05]} {[%emt 00:00:04]}
g3+ {[%clk 00:59:42]} {[%emt 00:00:04]} 53. Kf1 {[%clk 00:59:30]} {[%emt
00:00:04]} g2+ {[%clk 01:00:01]} {[%emt 00:00:12]} 54. Kg1 {[%clk 00:59:43]}
{[%emt 00:00:16]} d2 {[%clk 01:00:24]} {[%emt 00:00:08]} 55. Kh2 {[%clk
01:00:06]} {[%emt 00:00:06]} g1=Q+ {[%clk 01:00:47]} {[%emt 00:00:08]} 56. Kh3
{[%clk 01:00:04]} {[%emt 00:00:32]} d1=Q {[%clk 01:01:05]} {[%emt 00:00:11]}
57. Kh4 {[%clk 01:00:21]} {[%emt 00:00:12]} Qdg4# {[%emt 00:00:12]} 0-1

[Event "DEM U10 2021"]
[Site "Willingen GER"]
[Date "2021.08.26"]
[Round "6"]
[White "Aweh, Mads"]
[Black "Moskalenko, Michael"]
[Result "1/2-1/2"]
[Termination "normal"]
[Board "18"]
[WhiteElo "1452"]
[BlackElo "1220"]
[WhiteClock "00:32:39"]
[BlackClock "00:44:24"]
[PlyCount "78"]
[WhiteFideId "34604278"]
[BlackFideId "34608877"]
[EventCountry "GER"]
[EventRounds "11"]
[EventType "swiss"]
[EventDate "2021.08.22"]

1. d4 {[%clk 01:15:23]} {[%emt 00:00:36]} d5 {[%clk 01:15:53]} {[%emt
00:00:08]} 2. Nf3 {[%clk 01:14:45]} {[%emt 00:01:06]} e6 {[%clk 01:16:13]}
{[%emt 00:00:10]} 3. Bf4 {[%clk 01:14:04]} {[%emt 00:01:11]} c5 {[%clk
01:16:32]} {[%emt 00:00:12]} 4. e3 {[%clk 01:13:49]} {[%emt 00:00:45]} Nf6
{[%clk 01:16:44]} {[%emt 00:00:18]} 5. c3 {[%clk 01:13:36]} {[%emt 00:00:43]}
Nc6 {[%clk 01:16:14]} {[%emt 00:01:01]} 6. Nbd2 {[%clk 01:12:34]} {[%emt
00:01:30]} Bd6 {[%clk 01:16:13]} {[%emt 00:00:32]} 7. Bg3 {[%clk 01:12:35]}
{[%emt 00:00:30]} O-O {[%clk 01:16:28]} {[%emt 00:00:14]} 8. Bd3 {[%clk
01:12:04]} {[%emt 00:01:01]} c4 {[%clk 01:16:46]} {[%emt 00:00:12]} 9. Bc2
{[%clk 01:11:10]} {[%emt 00:01:24]} Bc7 {[%clk 01:11:12]} {[%emt 00:06:04]} 10.
Bxc7 {[%clk 01:09:38]} {[%emt 00:02:02]} Qxc7 {[%clk 01:11:31]} {[%emt
00:00:09]} 11. O-O {[%clk 01:09:37]} {[%emt 00:00:33]} Bd7 {[%clk 01:11:19]}
{[%emt 00:00:41]} 12. e4 {[%clk 01:07:45]} {[%emt 00:02:22]} dxe4 {[%clk
01:11:36]} {[%emt 00:00:13]} 13. Nxe4 {[%clk 01:08:05]} {[%emt 00:00:11]} Nxe4
{[%clk 01:11:57]} {[%emt 00:00:09]} 14. Bxe4 {[%clk 01:08:25]} {[%emt
00:00:10]} Ne7 {[%clk 01:03:20]} {[%emt 00:09:07]} 15. Ne5 {[%clk 01:06:36]}
{[%emt 00:02:19]} Nd5 {[%clk 00:59:24]} {[%emt 00:04:26]} 16. Qe2 {[%clk
00:59:13]} {[%emt 00:07:53]} b5 {[%clk 00:59:00]} {[%emt 00:00:54]} 17. Qf3
{[%clk 00:55:49]} {[%emt 00:03:53]} Qd6 {[%clk 00:54:43]} {[%emt 00:04:46]} 18.
Rfe1 {[%clk 00:50:35]} {[%emt 00:05:46]} Rab8 {[%clk 00:54:21]} {[%emt
00:00:52]} 19. Bxd5 {[%clk 00:49:33]} {[%emt 00:01:32]} exd5 {[%clk 00:54:27]}
{[%emt 00:00:24]} 20. Nxd7 {[%clk 00:49:43]} {[%emt 00:00:20]} Qxd7 {[%clk
00:54:48]} {[%emt 00:00:09]} 21. Re5 {[%clk 00:49:25]} {[%emt 00:00:47]} Rbd8
{[%clk 00:54:51]} {[%emt 00:00:27]} 22. Rae1 {[%clk 00:49:21]} {[%emt
00:00:34]} Rfe8 {[%clk 00:54:47]} {[%emt 00:00:34]} 23. Kf1 {[%clk 00:48:03]}
{[%emt 00:01:49]} Kf8 {[%clk 00:52:37]} {[%emt 00:02:40]} 24. Qh5 {[%clk
00:46:07]} {[%emt 00:02:25]} h6 {[%clk 00:51:30]} {[%emt 00:01:38]} 25. Qe2
{[%clk 00:43:17]} {[%emt 00:03:20]} f6 {[%clk 00:49:32]} {[%emt 00:02:28]} 26.
Re6 {[%clk 00:39:29]} {[%emt 00:04:18]} Kf7 {[%clk 00:48:37]} {[%emt 00:01:25]}
27. Rxe8 {[%clk 00:39:34]} {[%emt 00:00:25]} Rxe8 {[%clk 00:48:56]} {[%emt
00:00:11]} 28. Qxe8+ {[%clk 00:39:58]} {[%emt 00:00:06]} Qxe8 {[%clk 00:49:16]}
{[%emt 00:00:11]} 29. Rxe8 {[%clk 00:40:18]} {[%emt 00:00:09]} Kxe8 {[%clk
00:49:42]} {[%emt 00:00:05]} 30. Ke2 {[%clk 00:40:29]} {[%emt 00:00:19]} g5
{[%clk 00:49:38]} {[%emt 00:00:35]} 31. f4 {[%clk 00:38:29]} {[%emt 00:02:29]}
Ke7 {[%clk 00:48:26]} {[%emt 00:01:42]} 32. f5 {[%clk 00:37:18]} {[%emt
00:01:40]} a6 {[%clk 00:47:53]} {[%emt 00:01:02]} 33. g4 {[%clk 00:36:12]}
{[%emt 00:01:38]} Kd6 {[%clk 00:46:58]} {[%emt 00:01:24]} 34. Kd2 {[%clk
00:34:29]} {[%emt 00:02:13]} Kc6 {[%clk 00:46:40]} {[%emt 00:00:49]} 35. Kc2
{[%clk 00:33:54]} {[%emt 00:01:05]} Kb6 {[%clk 00:45:15]} {[%emt 00:01:55]} 36.
b3 {[%clk 00:33:42]} {[%emt 00:00:41]} Kc6 {[%clk 00:44:57]} {[%emt 00:00:46]}
37. b4 {[%clk 00:32:59]} {[%emt 00:01:16]} Kb6 {[%clk 00:45:06]} {[%emt
00:00:21]} 38. a3 {[%clk 00:32:32]} {[%emt 00:00:57]} a5 {[%clk 00:45:11]}
{[%emt 00:00:26]} 39. Kd2 {[%clk 00:32:39]} {[%emt 00:00:23]} axb4 {[%clk
00:44:24]} {[%emt 00:01:16]} 1/2-1/2